Kríza autority a súčasný učiteľ
Podstata a význam autority - príčiny a dôsledky súčasného oslabovania autority učiteľa. Faktory, ovplyvňujúce krízu autority v súčasnej spoločnosti. Zisťovanie u žiakov a mládeže - výsledky výskumu.
Saved in:
| Main Author: | |
|---|---|
| Format: | Book Chapter |
| Language: | Slovak |
| Subjects: | |
| Tags: |
No Tags, Be the first to tag this record!
|
MARC
| LEADER | 00000naa a2200000 4500 | ||
|---|---|---|---|
| 001 | 0197538 | ||
| 005 | 20231127103343.8 | ||
| 041 | 0 | |a slo | |
| 044 | |a SK | ||
| 245 | 1 | 0 | |a Kríza autority a súčasný učiteľ |c Helena Hrubišková |
| 520 | |a Podstata a význam autority - príčiny a dôsledky súčasného oslabovania autority učiteľa. Faktory, ovplyvňujúce krízu autority v súčasnej spoločnosti. Zisťovanie u žiakov a mládeže - výsledky výskumu. | ||
| 610 | 2 | 0 | |a školstvo |
| 610 | 2 | 0 | |a školy |
| 610 | 2 | 0 | |a sústava výchovno-vzdelávacia |
| 610 | 2 | 0 | |a vzdelávanie |
| 610 | 2 | 0 | |a vyučovanie |
| 610 | 2 | 0 | |a spoločnosť |
| 610 | 2 | 0 | |a učitelia |
| 610 | 2 | 0 | |a autorita |
| 100 | 1 | |a Hrubišková, Helena | |